000 00701nam a22001934a 4500
005 20100506105820.0
008 090211s2008 ii ab b 000 0 eng
020 _a8121932459
_c300.00
037 _bPUB
040 _adpl
_bEnglish
100 _aChopra, Rajiv
245 _aDatabase management systems (DBMS):
_cby Rajiv Chopra
_b(a practical approach) concepts, principles, case studies, experiments /
260 _aNew Delhi
_bS. Chand
_c2010
270 _aRam Nagar
_bNew Delhi
_e110055
300 _axvi, 687p.
_c26 cm(pbk)
500 _aIncludes bibliographical references
942 _2ddc
_cEN
_mCHO
999 _c35729
_d35729